[Event "NED-ch U13"]
[White "Beijerinck, Nick"]
[Black "Van der Poel, Jan Marco"]
[Site "Rijswijk"]
[Round "7"]
[Result "0-1"]
[Date "2006.05.27"]
[WhiteElo "1484"]
[BlackElo "1458"]
[PlyCount "124"]
[EventDate "2006.05.25"]
[EventType "swiss"]
[EventRounds "9"]
[EventCountry "NED"]
[SourceTitle "EXT 2009"]
[Source "ChessBase"]
[SourceDate "2008.11.26"]
[SourceVersion "1"]
[SourceVersionDate "2008.11.26"]
[SourceQuality "1"]

1. e4 e6 2. d4 d5 3. e5 c5 4. c3 Qb6 5. Nf3 Nc6 6. a3 Nge7 7. b4 cxb4 8. cxb4 Nf5 9. Bb2 Bd7 10. Nc3 Nfxd4 11. Nxd4 Qxd4 12. Qxd4 Nxd4 13. Bd3 Nc6 14. Nb5 Kd8 15. f4 a6 16. Nd4 Be7 17. 0-0 Rc8 18. Nf3 Ke8 19. g4 g6 20. f5 Rf8 21. f6 Bd8 22. Kg2 Bb6 23. Rac1 Na7 24. Rxc8+ Bxc8 25. Rc1 Bd7 26. Bd4 Bxd4 27. Nxd4 Kd8 28. Nb3 Bc6 29. Nd4 Kd7 30. Nxc6 Nxc6 31. b5 Nxe5 32. Be2 a5 33. b6 Rc8 34. Re1 Nc4 35. a4 Nd6 36. Bd3 Rc6 37. Rb1 Rc3 38. Bf1 e5 39. Bb5+ Ke6 40. g5 Kf5 41. h4 Rc5 42. Bd7+ Ke4 43. Re1+ Kd4 44. Rd1+ Kc4 45. Rc1+ Kb4 46. Rb1+ Ka3 47. Ra1+ Kb2 48. Re1 e4 49. Re2+ Kc3 50. Re3+ Kd2 51. Kf2 Kc2 52. Re2+ Kd3 53. Re3+ Kd4 54. Re1 Ke5 55. Rh1 d4 56. h5 d3 57. hxg6 hxg6 58. Bg4 Kd4 59. Bd1 Rxg5 60. Re1 Re5 61. Bg4 e3+ 62. Kf3 e2 0-1

[Event "NED-ch U13"]
[White "Van der Poel, Jan Marco"]
[Black "Ocelik, Vaclav"]
[Site "Rijswijk"]
[Round "5"]
[Result "1-0"]
[Date "2006.05.26"]
[WhiteElo "1458"]
[BlackElo "1333"]
[PlyCount "53"]
[EventDate "2006.05.25"]
[EventType "swiss"]
[EventRounds "9"]
[EventCountry "NED"]
[SourceTitle "EXT 2009"]
[Source "ChessBase"]
[SourceDate "2008.11.26"]
[SourceVersion "1"]
[SourceVersionDate "2008.11.26"]
[SourceQuality "1"]

1. e4 c5 2. Nf3 d6 3. d4 cxd4 4. Nxd4 Nf6 5. Nc3 Nc6 6. Bc4 g6 7. f3 Bg7 8. Be3 0-0 9. Qd2 Bd7 10. 0-0-0 Ne5 11. Bb3 Rc8 12. Bh6 Nc4 13. Bxc4 Rxc4 14. Bxg7 Kxg7 15. g4 Qc7 16. h4 a6 17. h5 Rg8 18. hxg6 fxg6 19. g5 Nh5 20. f4 e5 21. fxe5 dxe5 22. Nb3 Nf4 23. Qxd7+ Qxd7 24. Rxd7+ Kf8 25. Rhxh7 b5 26. Rde7 Rc8 27. Rhf7# 1-0